Las contratas en la Ciudad de México : (Record no. 126059)
[ view plain ]
| 000 -CABECERA | |
|---|---|
| campo de control de longitud fija | 00843nam a2200229 a 4500 |
| 005 - FECHA Y HORA DE LA ÚLTIMA TRANSACCIÓN | |
| campo de control | 20220805095144.0 |
| 008 - ELEMENTOS DE LONGITUD FIJA--INFORMACIÓN GENERAL | |
| campo de control de longitud fija | 080129s2005 mx r 000 0 spa d |
| 020 ## - NÚMERO INTERNACIONAL NORMALIZADO PARA LIBROS | |
| Número Internacional Estándar del Libro | 9706841245 |
| 035 ## - NÚMERO DE CONTROL DEL SISTEMA | |
| Número de control de sistema | UPN01000153938 |
| 049 ## - COLECCIÓN | |
| Colección | CG |
| 050 #4 - SIGNATURA TOPOGRÁFICA DE LA BIBLIOTECA DEL CONGRESO | |
| Número de clasificación | HC132.5 B3.77 |
| Número de documento/Ítem | L3.3 |
| 100 1# - ASIENTO PRINCIPAL--NOMBRE PERSONAL | |
| Nombre de persona | Lau Jaiven, Ana |
| 245 14 - MENCIÓN DE TÍTULO | |
| Título | Las contratas en la Ciudad de México : |
| Resto del título | redes sociales y negocios : el caso de Manuel Barrera : 1800 - 1845 / |
| Mención de responsabilidad, etc. | Ana Lau Jaiven. |
| 260 ## - PUBLICACIÓN, DISTRIBUCIÓN, ETC. | |
| Lugar de publicación, distribución, etc. | México : |
| Nombre del editor, distribuidor, etc. | Instituto Mora, |
| Fecha de publicación, distribución, etc. | 2005. |
| 300 ## - DESCRIPCIÓN FÍSICA | |
| Extensión | 285 p. : |
| Otras características físicas | il. |
| 440 #0 - MENCIÓN DE SERIE/ASIENTO SECUNDARIO--TÍTULO | |
| Título | Historia política |
| 600 14 - ASIENTO SECUNDARIO DE MATERIA - NOMBRE PERSONAL | |
| Nombre de persona | BARRERA DUEÑAS, MANUEL, |
| Fechas asociadas al nombre | 1780-1845 |
| 9 (RLIN) | 12866 |
| 650 #2 - ASIENTO SECUNDARIO DE MATERIA - TERMINO TEMATICO | |
| Término de materia o nombre geográfico como elemento de entrada | Empresarios |
| Subdivisión geográfica | México |
| Subdivisión de forma | Biografía |
| 9 (RLIN) | 12849 |
| 650 #4 - ASIENTO SECUNDARIO DE MATERIA - TERMINO TEMATICO | |
| Término de materia o nombre geográfico como elemento de entrada | REDES SOCIALES - |
| Subdivisión geográfica | MEXICO (D.F.) - |
| Subdivisión general | HISTORIA - |
| Subdivisión cronológica | SIGLO XIX |
| 9 (RLIN) | 12848 |
| 650 #4 - ASIENTO SECUNDARIO DE MATERIA - TERMINO TEMATICO | |
| Término de materia o nombre geográfico como elemento de entrada | REDES DE NEGOCIOS - |
| Subdivisión geográfica | MEXICO (D.F.) - |
| Subdivisión general | HISTORIA - |
| Subdivisión cronológica | SIGLO XIX |
| 9 (RLIN) | 12847 |
| 905 ## - TIPO DE MATERIAL | |
| Tipo de material | Libro |
| Estado de retiro | Estado de pérdida | Fuente del sistema de clasificación o colocación | Estado dañado | No para préstamo | Código de colección | Localización permanente | Ubicación/localización actual | Ubicación en estantería | Total de préstamos | Clasificación | Código de barras | Fecha visto por última vez | Número de copia | Tipo de ítem Koha |
|---|---|---|---|---|---|---|---|---|---|---|---|---|---|---|
| Library of Congress Classification | Colección General | Bib. Gregorio Torres Quintero | Bib. Gregorio Torres Quintero | Planta baja | HC132.5 B3.77 L3.3 | 250457 | 31/12/2020 | 1 | Libro |
